[Event "AUTO-OPEN-3325"]
[Site "http://www.queenalice.com/game.php?id=1307452"]
[Date "2014.9.10"]
[Round "1"]
[White "FromentPierre"]
[Black "gingalmesh"]
[Result "0-1"]
[WhiteElo "1487"]
[BlackElo "1855"]

1. Nf3 d5 2. d4 Bg4 3. e3 c6 4. Be2 Nd7 5. O-O f6 6. h3 Bf5 7. c4 a6 8. cxd5
cxd5 9. Nc3 e6 10. a3 g5 11. Bd2 h5 12. Nh2 b5 13. Bxh5+ Ke7 14. b4 Bg7 15. Bg4
Bd3 16. Be2 Bc4 17. Rc1 f5 18. f4 gxf4 19. Rxf4 Ngf6 20. Rf1 Qg8 21. Bxc4 dxc4
22. Qe2 Nb6 23. e4 fxe4 24. Nxe4 Nbd5 25. Nxf6 Bxf6 26. Ng4 Bxd4+ 27. Kh1 Qg7
28. Rce1 Nc7 29. Bf4 Bc3 30. Rd1 Rac8 31. Be5 Bxe5 32. Qxe5 Qxe5 0-1

[Event "AUTO-OPEN-3376"]
[Site "http://www.queenalice.com/game.php?id=1320662"]
[Date "2014.11.6"]
[Round "1"]
[White "gingalmesh"]
[Black "princesher"]
[Result "0-1"]
[WhiteElo "1642"]
[BlackElo "1927"]

1. e4 e5 2. Nf3 d6 3. Bc4 Bg4 4. d3 a5 5. Nbd2 c6 6. a4 Nf6 7. Ba2 Nbd7 8. c3
Nc5 9. Qc2 Bxf3 10. Nxf3 h6 11. O-O Nfd7 12. d4 exd4 13. cxd4 Na6 14. Bf4 g5 15.
Bd2 b6 16. Bc3 Bg7 17. e5 dxe5 18. Rfe1 Qc7 19. Qe4 Nf6 20. Qxe5+ Qxe5 21. Nxe5
O-O 22. Nxc6 Nh7 23. Bc4 Nc7 24. Ne7+ Kh8 25. Nf5 Nf6 26. Re7 Nfd5 27. Bxd5 Nxd5
28. Rd7 Rad8 29. Rxd8 Rxd8 30. Re1 Kh7 31. g3 Bf6 32. Rb1 Nxc3 33. bxc3 Rb8 34.
g4 Kg6 35. Rb5 h5 36. gxh5+ Kxh5 37. f3 Bd8 38. c4 Kg6 39. Kg2 Rb7 40. h3 Rd7
41. Kg3 f6 42. h4 Bc7+ 43. Kg4 gxh4 44. Nxh4+ Kf7 45. Nf5 Kf8 46. Kh5 Bd8 0-1

[Event "AUTO-OPEN-3376"]
[Site "http://www.queenalice.com/game.php?id=1320663"]
[Date "2014.11.6"]
[Round "1"]
[White "princesher"]
[Black "gingalmesh"]
[Result "1-0"]
[WhiteElo "1936"]
[BlackElo "1657"]

1. e4 e5 2. f3 Nf6 3. d3 Be7 4. Bg5 d5 5. Bxf6 Bxf6 6. Ne2 dxe4 7. dxe4 Qxd1+ 8.
Kxd1 O-O 9. Nd2 Nc6 10. c3 a5 11. a4 Be6 12. Kc2 Na7 13. b3 b5 14. g4 Bg5 15.
Nb1 c6 16. h4 Bf4 17. Nxf4 exf4 18. g5 c5 19. axb5 Nxb5 20. Bxb5 c4 21. bxc4
Rfb8 22. Bc6 Ra6 23. Bd5 Kf8 24. Na3 Ke7 25. Rhb1 Rd8 26. Bxe6 fxe6 27. Rb7+ Kf8
28. c5 Rc8 29. Rb5 a4 30. Kd3 Rd8+ 31. Kc2 Kf7 32. Rd1 Rc8 33. Rd7+ Kg6 34. Rd6
Rxd6 35. cxd6 Kf7 36. h5 Rd8 37. Rb7+ Kg8 38. e5 h6 39. gxh6 gxh6 40. Ra7 Rc8
41. Rxa4 Rc5 42. d7 Rxe5 43. d8=Q+ 1-0

[Event "AUTO-OPEN-3376"]
[Site "http://www.queenalice.com/game.php?id=1320664"]
[Date "2014.11.6"]
[Round "1"]
[White "gingalmesh"]
[Black "salso"]
[Result "0-1"]
[WhiteElo "1767"]
[BlackElo "2092"]

1. e4 e5 2. Nf3 d6 3. Bc4 c6 4. a3 Be7 5. O-O Nf6 6. d3 Bg4 7. Bg5 Nbd7 8. Nbd2
Qc7 9. c3 b5 10. Ba2 a6 11. Qb3 Be6 12. Qc2 Bxa2 13. Rxa2 O-O 14. d4 c5 15. dxe5
dxe5 16. Nh4 Rfd8 17. Nf5 Nf8 18. f4 Ng6 19. g3 exf4 20. Bxf4 Nxf4 21. Rxf4 Bf8
22. b4 cxb4 23. axb4 Rd7 24. Nf3 g6 25. N5d4 Nh5 26. Rg4 Rc8 27. Qd2 Qxc3 28.
Rc2 Qxd2 29. Rxd2 Bxb4 30. Rd1 Bc5 31. e5 Ng7 32. Kg2 Nf5 33. Rd2 Ne3+ 34. Kh3
Nxg4 35. Kxg4 Bxd4 36. h4 h5+ 37. Kf4 Rc4 38. Rxd4 Rcxd4+ 0-1

[Event "AUTO-OPEN-3376"]
[Site "http://www.queenalice.com/game.php?id=1320665"]
[Date "2014.11.6"]
[Round "1"]
[White "salso"]
[Black "gingalmesh"]
[Result "1-0"]
[WhiteElo "2089"]
[BlackElo "1759"]

1. d4 d5 2. e3 Bf5 3. Nf3 Nf6 4. c4 dxc4 5. Bxc4 c6 6. Qb3 e6 7. Qxb7 Nbd7 8.
Qxc6 Rb8 9. Ne5 Be4 10. Qa4 Rc8 11. Nd2 Bxg2 12. Rg1 Be4 13. Bb5 Rc7 14. Nxe4
Nxe4 15. Bxd7+ Rxd7 16. Qxd7+ Qxd7 17. Nxd7 Kxd7 18. f3 Nf6 19. Bd2 g6 20. Bc3
Bh6 21. e4 Be3 22. Rg2 Rc8 23. Ke2 Bh6 24. d5 Nh5 25. dxe6+ fxe6 26. Ke1 Kc6 27.
Bd2 Bxd2+ 28. Rxd2 a5 29. Rc1+ Kb7 30. Rd7+ Kb8 31. Rxc8+ Kxc8 32. Rxh7 Nf4 33.
Kd2 a4 34. Ra7 Kb8 35. Rxa4 Kc7 36. Ke3 g5 37. Rb4 Kc6 38. a4 Kc5 39. Rb8 e5 40.
a5 Kc6 41. a6 Kc7 42. a7 Ng2+ 43. Kf2 1-0

[Event "AUTO-ADV-3282"]
[Site "http://www.queenalice.com/game.php?id=1320738"]
[Date "2014.11.6"]
[Round "1"]
[White "stoyan1"]
[Black "gingalmesh"]
[Result "1-0"]
[WhiteElo "1857"]
[BlackElo "1727"]

1. e4 e5 2. Nf3 Nf6 3. Nxe5 Qe7 4. Nf3 d6 5. d3 Bg4 6. Be2 d5 7. e5 Bxf3 8. Bxf3
Qxe5+ 9. Qe2 Bd6 10. O-O O-O 11. Qxe5 Bxe5 12. c3 c6 13. d4 Bc7 14. Bg5 Nbd7 15.
Bxf6 Nxf6 16. Nd2 a5 17. a4 b5 18. axb5 cxb5 19. b3 g5 20. c4 g4 21. Bxd5 Nxd5
22. cxd5 f5 23. f3 Bf4 24. Nb1 Be3+ 25. Kh1 Bxd4 26. Ra2 b4 27. Rd2 Be3 28. Rd3
Bb6 29. d6 a4 30. bxa4 1-0

[Event "AUTO-ADV-3282"]
[Site "http://www.queenalice.com/game.php?id=1320739"]
[Date "2014.11.6"]
[Round "1"]
[White "gingalmesh"]
[Black "stoyan1"]
[Result "0-1"]
[WhiteElo "1739"]
[BlackElo "1845"]

1. e4 e5 2. Nf3 d6 3. c3 a6 4. d4 exd4 5. cxd4 Bg4 6. Bc4 Nf6 7. Bg5 Be7 8. Nbd2
O-O 9. d5 b5 10. Bd3 h5 11. Qc2 Ne8 12. Bxe7 Qxe7 13. O-O-O g6 14. Rde1 Qd7 15.
Ng5 Qe7 16. h4 f6 17. Nh3 Nd7 18. Nf4 Ne5 19. f3 Bc8 20. g4 Nxd3+ 21. Qxd3 Qh7
22. gxh5 gxh5 23. Ne6 Rf7 24. Rh3 Bxe6 25. dxe6 Re7 26. Rg3+ Ng7 27. Reg1 Kh8
28. Qd5 Rg8 29. f4 Ne8 30. Rxg8+ Qxg8 31. Qxh5+ Qh7 0-1

[Event "AUTO-ADV-3282"]
[Site "http://www.queenalice.com/game.php?id=1320750"]
[Date "2014.11.6"]
[Round "1"]
[White "redrum"]
[Black "gingalmesh"]
[Result "1-0"]
[WhiteElo "1994"]
[BlackElo "1785"]

1. d4 d5 2. Bf4 Nc6 3. c3 Bf5 4. e3 Na5 5. Nd2 a6 6. Be2 h5 7. Ngf3 f6 8. Nh4
Be6 9. Ng6 Rh7 10. Bd3 Nh6 11. Nxf8 Kxf8 12. Bxh7 Bf7 13. Bxh6 gxh6 14. Qf3 e6
15. Bc2 b6 16. O-O Ke7 17. e4 c6 18. exd5 cxd5 19. Rae1 Ra7 20. Re3 b5 21. Bf5
Qd6 22. Bxe6 Bxe6 23. Rfe1 Kf7 24. Qxh5+ Kg7 25. Rxe6 Qf8 26. R1e3 Qd8 27. Rg3+
Kh7 28. Qg6+ 1-0

[Event "AUTO-ADV-3282"]
[Site "http://www.queenalice.com/game.php?id=1320751"]
[Date "2014.11.6"]
[Round "1"]
[White "gingalmesh"]
[Black "redrum"]
[Result "0-1"]
[WhiteElo "1794"]
[BlackElo "1963"]

1. e4 c6 2. d4 d5 3. exd5 cxd5 4. Nf3 Nf6 5. c4 Nc6 6. Nc3 Bg4 7. Be2 dxc4 8. d5
Bxf3 9. Bxf3 Ne5 10. O-O Qa5 11. a4 Rd8 12. Bf4 Nxf3+ 13. Qxf3 Nxd5 14. Nb5 e6
15. Rfd1 Be7 16. Bd2 Qb6 17. Ra3 a6 18. Qg3 axb5 19. a5 Qd4 20. Raa1 Qxb2 21.
Rab1 Qf6 22. Rxb5 Nc3 23. Qg4 Nxb5 24. Qxc4 Nc3 25. Qf1 Nxd1 26. Qxd1 Qd4 0-1

[Event "AUTO-ADV-3282"]
[Site "http://www.queenalice.com/game.php?id=1320756"]
[Date "2014.11.6"]
[Round "1"]
[White "miltonlovisk"]
[Black "gingalmesh"]
[Result "1-0"]
[WhiteElo "1908"]
[BlackElo "1683"]

1. e4 e5 2. Nc3 Nf6 3. h3 Bb4 4. Qf3 Nc6 5. Nge2 Bxc3 6. dxc3 d5 7. exd5 Qxd5 8.
Qxd5 Nxd5 9. Ng3 h6 10. Bb5 O-O 11. Bxc6 bxc6 12. O-O a5 13. c4 Nf4 14. Bxf4
exf4 15. Ne2 f3 16. Nd4 fxg2 17. Kxg2 a4 18. f3 Rb8 19. b3 c5 20. Nc6 Rb6 21.
Ne7+ Kh7 22. Rad1 a3 23. Rd5 Rd6 24. Rxc5 Rd2+ 25. Rf2 Bxh3+ 26. Kg1 Rd1+ 27.
Kh2 1-0

[Event "AUTO-ADV-3282"]
[Site "http://www.queenalice.com/game.php?id=1320757"]
[Date "2014.11.6"]
[Round "1"]
[White "gingalmesh"]
[Black "miltonlovisk"]
[Result "0-1"]
[WhiteElo "1691"]
[BlackElo "1900"]

1. e4 e5 2. Nf3 Nc6 3. c3 h6 4. a3 Bc5 5. Bc4 Nf6 6. a4 Nxe4 7. O-O d6 8. b4 d5
9. Bb5 Bd6 10. Re1 Bd7 11. d3 Nf6 12. Bxc6 bxc6 13. Nxe5 O-O 14. Bf4 Bf5 15.
Nxc6 Qd7 16. Bxd6 cxd6 17. b5 Rfe8 18. Na3 Rxe1+ 19. Qxe1 Bxd3 20. Qe3 Bg6 21.
Ne7+ Kh7 22. Nxg6 fxg6 23. c4 Re8 24. Qd3 Qe6 25. h3 dxc4 26. Qxc4 d5 0-1

[Event "AUTO-OPEN-3391"]
[Site "http://www.queenalice.com/game.php?id=1325875"]
[Date "2014.12.3"]
[Round "1"]
[White "DesJefferis"]
[Black "gingalmesh"]
[Result "0-1"]
[WhiteElo "1167"]
[BlackElo "1766"]

1. e4 e5 2. Nf3 Nf6 3. Nc3 d6 4. Bc4 Be7 5. d3 Bg4 6. Be3 O-O 7. h3 Bh5 8. g4
Bg6 9. Nd5 a5 10. a3 Nxd5 11. Bxd5 c6 12. Ba2 h5 0-1

[Event "AUTO-OPEN-3391"]
[Site "http://www.queenalice.com/game.php?id=1325897"]
[Date "2014.12.3"]
[Round "1"]
[White "Paulsains"]
[Black "gingalmesh"]
[Result "1-0"]
[WhiteElo "1917"]
[BlackElo "1758"]

1. e4 e5 2. Nf3 Nf6 3. Nc3 Bb4 4. Bd3 d6 5. O-O Bg4 6. h3 Bh5 7. a3 Bc5 8. b4
Bd4 9. Bb2 O-O 10. Be2 Bxc3 11. dxc3 Nxe4 12. Qd5 Nf6 13. Qxb7 Nbd7 14. Rfe1 a5
15. bxa5 Rxa5 16. Qb4 c5 17. Qh4 Re8 18. g4 Bg6 19. Bc4 Qc7 20. g5 1-0

[Event "AUTO-OPEN-3391"]
[Site "http://www.queenalice.com/game.php?id=1325898"]
[Date "2014.12.3"]
[Round "1"]
[White "gingalmesh"]
[Black "Paulsains"]
[Result "0-1"]
[WhiteElo "1748"]
[BlackElo "1927"]

1. e4 e5 2. Nf3 Nf6 3. Bc4 Bd6 4. O-O h6 5. d4 Qe7 6. Nc3 O-O 7. a3 exd4 8. Nb5
a6 9. Nxd6 cxd6 10. Re1 Nc6 11. Nxd4 Nxd4 12. Qxd4 Qe5 13. Qd3 Ng4 14. g3 b5 15.
Bd5 Qh5 16. h4 Rb8 17. b4 Ne5 18. Qc3 Nf3+ 19. Kg2 Nxe1+ 0-1

[Event "AUTO-OPEN-3391"]
[Site "http://www.queenalice.com/game.php?id=1325909"]
[Date "2014.12.3"]
[Round "1"]
[White "jalhallib"]
[Black "gingalmesh"]
[Result "1-0"]
[WhiteElo "2031"]
[BlackElo "1676"]

1. e4 e5 2. Nf3 Nf6 3. d3 Nc6 4. Bg5 Be7 5. Bxf6 Bxf6 6. Nc3 Nd4 7. Nxd4 exd4 8.
Nd5 c6 9. Nxf6+ Qxf6 10. Be2 d6 11. O-O O-O 12. h3 g6 13. Bg4 Bxg4 14. Qxg4 Rae8
15. f4 c5 16. f5 Qd8 17. f6 h6 18. Rf3 Kh7 19. a4 Re6 20. Raf1 a6 21. Rf5 Rg8
22. Rd5 1-0

[Event "AUTO-OPEN-3391"]
[Site "http://www.queenalice.com/game.php?id=1325910"]
[Date "2014.12.3"]
[Round "1"]
[White "gingalmesh"]
[Black "jalhallib"]
[Result "0-1"]
[WhiteElo "1674"]
[BlackElo "2033"]

1. e4 c6 2. Nf3 d5 3. exd5 cxd5 4. Ne5 e6 5. Bb5+ Bd7 6. Bxd7+ Nxd7 7. d4 Nxe5
8. dxe5 Bc5 9. O-O h6 10. Nc3 a6 11. Be3 Bxe3 12. fxe3 Ne7 13. Qf3 O-O 14. Rad1
Qb6 15. Na4 Qc7 16. Qg3 b5 17. Nc3 Ng6 18. e4 dxe4 19. Rde1 Qxe5 20. Qxe5 Nxe5
0-1

[Event "AUTO-ADV-3303"]
[Site "http://www.queenalice.com/game.php?id=1325990"]
[Date "2014.12.3"]
[Round "1"]
[White "ALDROB"]
[Black "gingalmesh"]
[Result "1-0"]
[WhiteElo "1795"]
[BlackElo "1703"]

1. d4 e6 2. e4 c5 3. c3 d5 4. e5 cxd4 5. cxd4 a6 6. Nf3 b5 7. Bf4 Bb4+ 8. Nbd2
Ne7 9. g4 h6 10. Bd3 Nbc6 11. Rc1 Bd7 12. O-O g5 13. Nxg5 hxg5 14. Bxg5 1-0

[Event "AUTO-ADV-3303"]
[Site "http://www.queenalice.com/game.php?id=1325991"]
[Date "2014.12.3"]
[Round "1"]
[White "gingalmesh"]
[Black "ALDROB"]
[Result "0-1"]
[WhiteElo "1716"]
[BlackElo "1782"]

1. e4 g6 2. d4 Bg7 3. Be3 d6 4. Nf3 Nf6 5. Bd3 Bg4 6. Nbd2 O-O 7. c3 Nbd7 8. Qc2
Re8 9. O-O-O Rc8 10. h3 Bxf3 11. Nxf3 e5 12. g4 c5 13. dxc5 Nxc5 0-1

[Event "AUTO-ADV-3303"]
[Site "http://www.queenalice.com/game.php?id=1326002"]
[Date "2014.12.3"]
[Round "1"]
[White "Jackzapo"]
[Black "gingalmesh"]
[Result "1-0"]
[WhiteElo "1924"]
[BlackElo "1652"]

1. d4 e6 2. c4 c5 3. Nf3 d5 4. cxd5 cxd4 5. dxe6 Bxe6 6. g3 Nc6 7. Bg2 Nf6 8.
O-O Bd6 9. Nxd4 Bd5 10. Nc3 Bxg2 11. Kxg2 Qc7 12. Ndb5 Qb6 13. Nxd6+ Ke7 14. Bg5
h6 15. Bxf6+ gxf6 16. Qd5 Raf8 17. Nce4 Nb4 18. Nf5+ Ke8 19. Nfd6+ Kd8 20. Nxb7+
Kc7 21. Rfc1+ Nc6 22. Na5 Rc8 23. Rxc6+ Qxc6 24. Qxc6+ Kd8 25. Qd6+ 1-0

[Event "AUTO-ADV-3303"]
[Site "http://www.queenalice.com/game.php?id=1326003"]
[Date "2014.12.3"]
[Round "1"]
[White "gingalmesh"]
[Black "Jackzapo"]
[Result "0-1"]
[WhiteElo "1647"]
[BlackElo "1922"]

1. e4 c5 2. Bc4 d6 3. Ne2 Nf6 4. d3 e6 5. O-O a6 6. a3 Bd7 7. c3 b5 8. Ba2 Be7
9. Be3 O-O 10. b4 cxb4 11. axb4 Nc6 12. h3 Rc8 13. f4 d5 14. g4 dxe4 15. g5 exd3
16. Qxd3 Nd5 17. Bxd5 exd5 18. Rf2 g6 19. Qxd5 Ra8 20. Nd4 Nxd4 21. Bxd4 Bf5 22.
Qe5 f6 23. gxf6 Bxf6 24. Qe3 Bxd4 25. cxd4 Qd5 0-1

[Event "AUTO-ADV-3303"]
[Site "http://www.queenalice.com/game.php?id=1326008"]
[Date "2014.12.3"]
[Round "1"]
[White "massimo"]
[Black "gingalmesh"]
[Result "1-0"]
[WhiteElo "1857"]
[BlackElo "1665"]

1. e4 e5 2. Nf3 d6 3. d4 Bg4 4. Be2 Bxf3 5. Bxf3 exd4 6. Qxd4 Nf6 7. O-O Be7 8.
Nc3 c6 9. Re1 O-O 10. Be3 Nbd7 11. Qb4 Qc7 12. a4 a5 13. Qb3 Ne5 14. Bb6 Qc8 15.
Ne2 Ra6 16. h3 c5 17. Nc3 Nxf3+ 18. gxf3 Qxh3 19. Ne2 Nxe4 20. fxe4 Qxb3 21.
cxb3 Rxb6 22. Ra3 Bf6 23. Nc3 1-0

[Event "AUTO-ADV-3303"]
[Site "http://www.queenalice.com/game.php?id=1326009"]
[Date "2014.12.3"]
[Round "1"]
[White "gingalmesh"]
[Black "massimo"]
[Result "0-1"]
[WhiteElo "1674"]
[BlackElo "1848"]

1. e4 e5 2. Nf3 d6 3. Bc4 h6 4. c3 Nf6 5. O-O Nxe4 6. d4 d5 7. Bb3 exd4 8. cxd4
Bd6 9. Bxd5 Bf5 10. Bxb7 Nd7 11. Bxa8 Qxa8 12. Nh4 Be6 13. Nc3 O-O 14. Nxe4 Qxe4
15. g3 Bd5 16. f3 Qe7 17. Nf5 Qf6 18. Nxd6 Qxd6 19. Bf4 Qb6 20. Rf2 Nf6 21. b3
Nh5 22. Be3 f5 0-1